Natural justice (Record no. 67040)

MARC details
000 -LEADER
fixed length control field 01195cam a2200229 4500
001 - CONTROL NUMBER
control field WB3719-31
008 - FIXED-LENGTH DATA ELEMENTS--GENERAL INFORMATION
fixed length control field 000000n2001 000 0 eng u
035 ## - SYSTEM CONTROL NUMBER
System control number (Sirsi) u112617
245 ## - TITLE STATEMENT
Title Natural justice
260 ## - PUBLICATION, DISTRIBUTION, ETC.
Date of publication, distribution, etc. 2001
490 ## - SERIES STATEMENT
Series statement Estates Gazette
Volume/sequential designation (0119) 12 May 2001, 138(1)
520 ## - SUMMARY, ETC.
Summary, etc. Gives details of cases that have dealt with claims against neighbouring landowners arising out of damage from natural causes. Notes that the courts' findings in these cases indicate that a landowner can be held responsible for dangers arising naturally on his land. In addition, liability for creating a nuisance depends on how forseeable the damage was. Considers in detail the latest decision in this area by CA in "Bybrook Barn Centre Ltd v Kent County Council". In this the court found a highway authority liable for natural flooding.
590 ## - LOCAL NOTE (RLIN)
Local note WB
650 ## - SUBJECT ADDED ENTRY--TOPICAL TERM
Topical term or geographic name entry element LANDOWNERS
650 ## - SUBJECT ADDED ENTRY--TOPICAL TERM
Topical term or geographic name entry element LIABILITY
650 ## - SUBJECT ADDED ENTRY--TOPICAL TERM
Topical term or geographic name entry element FLOODING
650 ## - SUBJECT ADDED ENTRY--TOPICAL TERM
Topical term or geographic name entry element BYBROOK BARN CENTRE LTD V KENT CC
650 ## - SUBJECT ADDED ENTRY--TOPICAL TERM
Topical term or geographic name entry element RADSTOCK CO-OPERATIVE AND INDUSTRIAL SOCIETY V NORTON-RADSTOCK URBAN DC
650 ## - SUBJECT ADDED ENTRY--TOPICAL TERM
Topical term or geographic name entry element GREENOCK CORPORATION V CALEDONIAN RAILWAY CO
690 ## - LOCAL SUBJECT ADDED ENTRY--TOPICAL TERM (OCLC, RLIN)
Topical term or geographic name as entry element PROPERTY AND LAND LAW-CASE LAW
942 ## - ADDED ENTRY ELEMENTS (KOHA)
Suppress in OPAC 0
Holdings
Withdrawn status Lost status Source of classification or shelving scheme Damaged status Not for loan Home library Current library Shelving location Date acquired Total Checkouts Full call number Barcode Date last seen Copy number Price effective from Koha item type
    Dewey Decimal Classification     London London News article 16/05/2001   WB3719-31 112617-1001 06/08/2019 1 06/08/2019 News article